000 00418nam a2200169 i 4500
001 bgj
100 1 _aLEVIN, Ira.
245 1 0 _aThe Boys from Brazil :
_ba novel /
_cIra Levin.
260 _aNew York :
_bRandom House,
_cc. 1976.
300 _a280 pp ;
_c22 cm.
650 9 _aScience fiction
020 _ahbk, jacket
040 _cBPK
041 0 _aeng
942 _cKS
008 s uk f |000 0 eng
999 _c48062
_d48062
856 _uhttp://koha.tu.koszalin.pl/cgi-bin/koha/opac-detail.pl?biblionumber=48062
_yKatalog online BPK